000 00312nam a22001337a 4500
008 170329b xxu||||| |||| 00| 0 eng d
020 _a9780736036924
041 _aeng
080 _24TH
_a796.3
100 _a8
101 _aSHM
245 _aRESEARCH METHODS IN PHYSICAL ACTIVITY
_cTHOMAS, J.R
942 _2udc
_cBK
999 _c8890
_d8890